000 00275nam a22001217a 4500
008 170508b xxu||||| |||| 00| 0 eng d
041 _aeng
080 _24HT
_a342
100 _a15
101 _aSHJ
245 _aINSURANCE LAW AND REGULATION
_cABRAHAM, K.S
942 _2udc
_cBK
999 _c13017
_d13017